000 00844nam a22002657a 4500
003 dpl
005 20180727112604.0
008 161005b xxu||||| |||| 00| 0 eng d
010 _aA-946114
020 _a8173870845
_c00.00
035 _aA-946114, A-946116
037 _bCen Lib/Ret
040 _aDPL
_bEN
_cTIT
082 _a306.095411
_bCHA
100 _aChaudhry, Minakshi
_972667
245 _aExploring Pangi Himalaya :
_cby Minakshi Chaudhry
_bA World Beyond Civilization /
246 _b
260 _bIndus Publishing
_c1998
_aNew Delhi
270 _bNew Delhi
_aFS-5, Tagore Garden
_e110027
300 _a326p.:
_c21cm(Hb)
_bill.
500 _aIncludes bibliographical references and index
650 _aPangi (India)
_972668
650 _aIndia -- Pangi
_972669
942 _2ddc
_cEN
_h306.0954411
_mCHA
999 _c122979
_d122979